Statistics for Countries Closest to Papua New Guinea

Click here to take the quiz!

General Stats

  • This quiz has been taken 457 times
  • The average score is 18 of 20

Answer Stats

km Country miles % Correct
0Indonesia0
99%
4Australia2
98%
3170New Zealand1970
96%
2569Malaysia1596
95%
2523Fiji1568
92%
1920Philippines1193
92%
2226Tuvalu1383
91%
5Solomon Islands3
91%
1263Palau785
90%
863Fed St Micronesia536
90%
1389Nauru863
89%
1511East Timor938
89%
1349Vanuatu838
89%
1875Marshall Islands1165
87%
2955Brunei1836
87%
3407Tonga2117
87%
3585Samoa2228
87%
1626Kiribati1010
83%
3459Taiwan2149
73%
3476Japan2160
66%

Score Distribution

Percentile by Number Answered

Percent of People with Each Score

Your Score History

You have not taken this quiz